000 00520nam a22001577a 4500
999 _c36146
_d36146
003 CUTN
005 20211203144027.0
008 211203b ||||| |||| 00| 0 eng d
041 _aEnglish
082 _a540
_bSUD
100 _aSudeep, Paul (R141505)
245 _aSynthesis and Studies on 1,3-imidazolium chloride based NHCs and its Role in Copper Catalysed C-O and C-N Bond Formation
260 _aThiruvarur
_bCentral University of Tamil Nadu
_cFebruary, 2021
700 _aVittal, Babu Gudimetla
942 _2ddc
_cTDP